40 meerkeuze vragen veelal algemene vragen - Quiz 1 - Statistieken

Algemene statistieken
  • Deze quiz is 104 keer genomen
    100 sinds de laatste reset
  • De gemiddelde score is 14 van 40
Antwoordstatistieken
Vraag Antwoord % Correct
Welke vrucht is geen citrusvrucht Appel
73%
Van welk dier komt de wol af Schaap
70%
Welke vitamine hebben we extra nodig in de winter D
59%
Waar wordt havermout van gemaakt Haverkorrels
57%
Op welke berg heeft God de tiengeboden gegeven De berg Sinaï
54%
Hoe heet een onbemand vliegtuig Drone
54%
Welke hoort er niet bij San Marino
54%
Wat moet je niet doen als je in Japan bent Schoenen aan in huis
51%
Op welke dag valt Pasen, we bedoelen 1e Paasdag Zondag
51%
Hoeveel is 1 gros 144
49%
Op welke dag valt Hemelvaartdag altijd Donderdag
49%
Hoe heette het Russische Sint Petersburg van 1924 tot 1991 Leningrad
49%
Wat is de meest gekozen jongensnaam in 2023 Noach
49%
Hoe heet de periode van de trouwdag tot een maand erna Wittebroodsweken
49%
Wat is het wiskundig getal Pi 3,141
46%
Wat is het meest bezochte land in Europa Frankrijk
46%
Wat is de tweede grootste stad van Nederland Rotterdam
46%
Hoeveel poten heeft een vlieg 6
43%
Hoeveel poten heeft een mug 6
43%
Hoe noemt men het als je 50 jaar bent getrouwd, .......................... bruiloft Gouden
41%
Welke hoort er niet bij Rivier
41%
Op een na grootste eiland van Nederland Terschelling
41%
In welke Italiaanse stad is de pizza ontstaan, dus de pizza's die we nu kennen Napels
38%
Welke vitamine kun je aanduiden met ascorbinezuur C
27%
Noem een ander woord voor : plaatsvervangend Loco
27%
Noem een snoepje wat specifiek Zeeuws is Babbelaars
24%
Wat is het beroemdste dorp van Nederland Volendam
24%
Wat is de koudste plek op aarde Antarctica
22%
Wat is de meest gebruikte drugs in de wereld Cannabis
22%
Hoeveel dagen na Pasen valt / is Hemelvaartsdag 39
14%
Hoeveel mensen wonen er op dit eiland 5000
11%
Waar komen van oorsprong walnoten vandaan, noem het continent Azie
11%
Welk land heeft koffie uitgevonden Ethiopië
11%
Wat is de kleinste stad van Nederland, althans zo wordt deze genoemd Staverden (Gelderland)
11%
Welk eiland hoort niet in de lijst thuis Usedom
11%
Hoeveel soorten peper zijn er 5
8%
Wat is de hoofdstad van departement Tarn in Frankrijk Albi
8%
Wanneer was de slag bij Nieuwpoort (B) 1600
5%
Waar worden de meeste mosselen opgevist in Nederland, noem de naam van het water Waddenzee
5%
Hoeveel inwoners wonen/woonden er in deze stad 30
3%
Geen overeenkomende quizzen gevonden
Scoreverdeling
Procent van Mensen met Elke Score
Percentiel versus Aantal Correcte Antwoorden
Uw Scoregeschiedenis
U heeft deze quiz nog niet genomen sinds de laatste reset